000 00794cam a2200217 a 4500
001 15035166
005 20260311122242.0
008 071005s2008 caua b 001 0 eng
020 _a9780761935865
_qpbk.
050 0 0 _aHG4028.M4
_bM456 2008
082 0 0 _a658.1/6
_222
245 0 0 _aMergers, acquisitions and corporate restructuring /
_cedited by Chandrashekar Krishnamurti, Vishwanath S.R.
260 _aLos Angeles :
_bResponse Books,
_c2008.
300 _ax, 412 p. :
_bill. ;
_c22 cm.
650 0 _aConsolidation and merger of corporations.
650 0 _aCorporate reorganizations.
700 1 _aVishwanath, S. R.,
_d1971-
700 1 _aKrishnamurti, Chandrashekar,
_d1956-
856 4 1 _3Table of contents only
_uhttp://www.loc.gov/catdir/toc/ecip082/2007041465.html
942 _2lcc
_cBK
_n0
999 _c8919
_d8919